000 00304nam a22001337a 4500
003 OSt
005 20250619155014.0
007 38 PAGES
008 250619b |||||||| |||| 00| 0 eng d
040 _c
245 _aIS:12032(PART 1) -1987
_cB.I.S
260 _bINDIAN STANDARDS
_c2019
942 _2ddc
_cRB
_n0
999 _c36223
_d36223